| 000 | 00386nam a2200157Ia 4500 | ||
|---|---|---|---|
| 008 | 230917s9999||||xx |||||||||||||| ||und|| | ||
| 040 |
_e156599 _aMAIN |
||
| 041 | _aEnglish | ||
| 082 | _a005.43 T154M(3) | ||
| 100 | _aTanenbaum, Andrew S | ||
| 245 | 0 | _aModern operating systems | |
| 250 | _a3rd. ed. | ||
| 260 |
_aNew Delhi _bPHI Learning _c2009 |
||
| 300 | _a1076 p. | ||
| 942 | _cBK | ||
| 999 |
_c141979 _d141979 |
||